000
00291nam a22001337a 4500
041
_a
ENG
100
_a
Jolliffe .I.T
245
_a
Principal Component Analysis
250
_a
Second ED
260
_a
Delhi
_b
Springer
_c
1995
300
_a
487
650
_a
Mathes
856
_u
M Tech ( 7 )
999
_c
1089
_d
1089